BIBLIOTECA PODER JUDICIAL
Portal Judicial TDF

La lucha contra las inmunidades del poder en el derecho administrativo : (Registro nro. 50)

000 -LEADER
fixed length control field 00677nam a22001937a 4500
003 - CONTROL NUMBER IDENTIFIER
control field OSt
005 - DATE AND TIME OF LATEST TRANSACTION
control field 20190102073542.0
008 - FIXED-LENGTH DATA ELEMENTS--GENERAL INFORMATION
fixed length control field 180305b xxu||||| |||| 00| 0 spa d
040 ## - CATALOGING SOURCE
Transcribing agency PJ
100 ## - ASIENTO PRINCIPAL - NOMBRE DE PERSONA
Personal name García de Enterría, Eduardo
9 (RLIN) 174
245 13 - MENCIÓN DE TÍTULO
Título propiamente dicho La lucha contra las inmunidades del poder en el derecho administrativo :
Parte restante del título (poderes discrecionales, poderes de gobierno, poderes normativos) /
Mención de responsabilidad, etc Eduardo García de Enterría.
250 ## - EDITION STATEMENT
Edition statement 3a. ed.
260 ## - PUBLICATION, DISTRIBUTION, ETC. (IMPRINT)
Place of publication, distribution, etc Madrid :
Name of publisher, distributor, etc Civitas,
Date of publication, distribution, etc 1983.
300 ## - DESCRIPCION FISICA
Extent 99 p.
Dimensions 18 cm.
490 ## - MENCION DE SERIE
Mención de Serie Cuadernos Civitas
500 ## - NOTA GENERAL
General note Notas y citas a pie de página.
650 #0 - ASIENTO SECUNDARIO DE MATERIA - TERMINO TEMATICO
Topical term or geographic name as entry element DERECHO ADMINISTRATIVO
9 (RLIN) 211
942 ## - ADDED ENTRY ELEMENTS (KOHA)
Source of classification or shelving scheme
Koha item type Libros
Classification part 342.9
Item part GAR
Existencias
Withdrawn status Lost status Source of classification or shelving scheme Damaged status Not for loan Permanent Location Current Location Date acquired Full call number Barcode Date last seen Price effective from Koha item type
          Biblioteca Poder Judicial Sur Biblioteca Poder Judicial Sur 2018-03-05 342.9 GAR 1703 2018-03-05 2018-03-05 Libros

12 de Octubre 789 Ushuaia - Tel:  54(02901)441571
Horario de Atención: 8.00 a 17.00 hs. 
bibliotecaush@justierradelfuego.gov.ar
koha@justierradelfuego.gov.ar
Seguinos en nuestras redes @bibliojustdf 

Con tecnología Koha